000 01995cam a2200349 a 4500
999 _c7933
_d7933
001 16998009
003 OSt
005 20200130141005.0
008 111013s2012 nyu b 001 0 eng
010 _a 2011042545
015 _aGBB1B5341
_2bnb
016 7 _a015903052
_2Uk
020 _a9780071789295 (alk. paper)
020 _a9781259027703
035 _a(OCoLC)ocn756278594
040 _aDLC
_cDLC
_dYDX
_dBTCTA
_dUKMGB
_dYDXCP
_dBWX
_dUPZ
_dVP@
_dBDX
_dCDX
_dDLC
042 _apcc
050 0 0 _aHG222.3
_b.R53 2012
082 0 0 _a332.02401
_223
100 1 _aRichards, Charles L.
_91666
245 1 4 _aThe psychology of wealth :
_bunderstand your relationship with money and achieve prosperity /
_cCharles Richards.
260 _aNew York :
_bMcGraw-Hill,
_cc2012.
300 _axi, 242 p. ;
_c24 cm.
504 _aIncludes bibliographical references and index.
505 0 _aHow do we define wealth? -- The evolution of wealth -- Finding your dream -- Self-esteem and its influence on wealth -- The stream vs. the rock -- Value is what you get -- Redefining your perspectives -- Cycles of giving back -- I'm going through a phase -- Painting a new portrait of prosperity -- Knowing where to plant your feet -- Conclusion: the whole elephant.
520 _aIn this fascinating exploration of the delicate relationship between money and the human mind, clinical psychologist Richards explains that discovering our sense of self is the key to determining our relationship with money. He contends that credit or debt can be useful tools for building personal growth--"if applied properly."
650 0 _aMoney
_xPsychological aspects.
650 0 _aWealth
_xPsychological aspects.
906 _a7
_bcbc
_corignew
_d1
_eecip
_f20
_gy-gencatlg
942 _2ddc
_cBK
_h332.02401
_iRIC/P
_k332.02401
_mRIC/P